000 00791nam a2200181Ia 4500
008 100920s9999 xx 000 0 und d
082 _b28627
_a410 थ 73
100 _aसंपा., जोग रा.श्री.
245 _aमराठी वाङ्रमयाचा इतिहास --3(1680-1800).
260 _bमहाराष्ट्र राज्य साहित्य आणि संस्कृति मंडळ, मुंबई.
_c1973
300 _a659
_bसाधी
365 _b30
520 _aभाषा.
630 _aमराठी वाङ्रमयाचा इतिहास --3(1680-1800).
650 _aभाषा.
730 _aमराठी वाङ्रमयाचा इतिहास --3(1680-1800).
942 _cBOOK
999 _c684836
_d684833